Culture Générale - Série 145 - Statistiques

Statistiques générales
  • Ce quiz a été pris 348 fois
  • Le résultat moyen est 4 sur 10
Statistiques - réponses
Question Réponse % Correct
Qu'est-ce que l'époisses que l'on peut déguster en Bourgogne ? Fromage
74%
De quel président Edouard Balladur a-t-il été le Premier ministre ? François Mitterrand
73%
Que voulait faire Lili selon le titre d'une chanson de Julien Clerc ? Aller danser
56%
Dans quelle série a-t-on pu voir Yasmine Bleeth, Denis Charvet et Carmen Electra ? Alerte à Malibu
41%
Quelle était la nationalité d'Hugo Pratt, l'auteur de "Corto Maltese" ? Italienne
38%
De quel club, proche du scoutisme, font partie Riri, Fifi et Loulou ? Les castors juniors
33%
Quelle "douceur" Du Bellay regrette-t- il dans "Heureux qui comme Ulysse..."? La douceur angevine
24%
De quels héros de bande dessinée le colonel Olrik est-il l'ennemi intime ? r Blake & Mortimer
23%
Avec qui David Bowie chantait-il "Dancing in the Street" en 1985 ? Mick Jagger
11%
A quel écrivain doit-on la pièce : "L'important d'être constant" ? Oscar Wilde
9%
Aucun quiz correspondant
Distribution des résultats
% des personnes avec chaque résultat
Percentile par nombre de réponses
Votre historique - résultats
Vous n’avez pas pris ce quiz